000 00492nam a22001697a 4500
005 20251108172152.0
008 250721s9999 xx 000 0 ara d
082 1 4 _a210.41334/صوف
100 1 _aالصوفي، ماهر أحمد
245 1 0 _aالسحر و التنجيم بين الحقائق و الأوهام /
264 1 _aحلب :
_bدار الرضوان،
_c[19-].
300 _a198ص
650 1 7 _aالإسلام
650 1 7 _aالسحر
942 _2ddc
_cBK
999 _c72189
_d72189